000 00738nam a22002297a 4500
999 _c14873
_d14873
003 MIRAKIL
005 20220322160343.0
008 220322b tu ||||| |||| 00| 0 tur d
020 _a9786050929256
040 _aTR-AnCHP
_cTR-AnCHP
041 _atur
082 _a320.9561
_bG94ş 2015
100 _aGültekin, Levent
245 1 0 _aŞatafatlı mağlubiyet :
_bİslamcıların iktidarla imtihanı /
_cLevent Gültekin.
246 _aİslamcıların iktidarla imtihanı
260 _aİstanbul :
_bDoğan Egmont Yayınları,
_c2015.
300 _a207 s. ;
_c23 sm.
650 0 _99
_aSiyaset ve yönetim
_xTürkiye
650 0 _95876
_aSiyaset ve din
_xTürkiye
740 _aİslamcıların iktidarla imtihanı
942 _2ddc
_cBKS